Bienvenue au Catalogue en Ligne des Bibliothèques de l'Universite du Burundi

An assessment of the teaching of the speaking and listening skills in sciences section (Record no. 33083)

000 -GUIDE
Champ de contrôle de longueur fixe 01360nam a22002657a 4500
003 - IDENTITÉ DU NUMÉRO DE CONTRÔLE
Champ de contrôle BI-BuBU
008 - ÉLÉMENTS DE LONGUEUR FIXE - RENSEIGNEMENTS GÉNÉRAUX
Champ de contrôle de longueur fixe 151230t2015 bd ||||dr|||| 000 0 fre d
037 ## - SOURCE D'ACQUISITION
Source d'acquisition et du numéro d'inventaire Don de l' auteur
039 ## - NIVEAU DE CONTRÔLE BIBLIOGRAPHIQUE ET HISTORIQUE D'ENCODAGE [OBSOLETE]
Date creation 20151230085033.0
Nom catalographe Marie Goretti Ndayizeye
040 ## - SOURCE DU CATALOGAGE
Organisme qui a effectué le catalogage original BI-BuBU
Code de la langue utilisée dans le catalogage fre
Organisme qui a effectué la transcription BI-BuBU
041 0# - CODE DE LANGUE
Code de langue du texte/de la piste sonore ou du titre distinct fre
080 ## - INDICE DE LA CLASSIFICATION DÉCIMALE UNIVERSELLE (CDU)
Indice de la Classification décimale universelle 372.880.20
100 1# - VEDETTE PRINCIPALE - NOM DE PERSONNE
Code de relation aut
Nom de personne Nzikoruriho Révérien
245 13 - MENTION DU TITRE
Titre An assessment of the teaching of the speaking and listening skills in sciences section
Reste du titre A survey conducted in selected secondary schools in Bujumbura city
Mention de responsabilité, etc. Révérien Nzikoruriho ; Herménégilde Rwantabagu, supervisor
260 ## - PUBLICATION, DIFFUSION, ETC. (ADRESSE BIBLIOGRAPHIQUE)
Lieu de publication, diffusion, etc. Bujumbura
Nom de l'éditeur, diffuseur, etc. University of Burundi, Institute for Applied Pedagogy
Date of publication, distribution, etc 2015
300 ## - DESCRIPTION MATÉRIELLE
Collation VI-73 f.
Dimensions 30 cm
500 ## - NOTE GÉNÉRALE
Note générale A thesis submitted in Partial fulfillment of the requirements for the award of the degree "Licencié en Pédagogie Appliquée, Agrégé de l'Enseignement Secondaire en Anglais"
650 #7 - VEDETTE-MATIÈRE - NOM COMMUN
Source du terme BI-BuBU
Vedette de sujet ou vedette comportant un nom géographique Anglais (Langue)
Subdivision générale Enseignement
-- Section Scientifique
Subdivision géographique Bujumbura (Mairie)
9 (RLIN) 123618
655 #7 - TERME D'INDEXATION - GENRE OU FORME
Source du terme BI-BuBU
Données ou terme dominant sur le genre ou la forme Mémoire
9 (RLIN) 123619
700 1# - VEDETTE SECONDAIRE - NOM DE PERSONNE
Code de relation dir
Nom d'auteur Rwantabagu Herménégilde
9 (RLIN) 123620
710 ## - VEDETTE SECONDAIRE - NOM DE COLLECTIVITÉ
Nom de la collectivité ou nom de lieu comme élément de classement University of Burundi
Collectivité subordonnée Institute for Applied pedagogy
9 (RLIN) 123621
942 ## - ÉLÉMENTS D'ENTRÉE ADDITIONNELLE (KOHA)
Source de la classification ou du système de rangement
Type d item koha Memoire
Holdings
Statut de retrait Statut de perte Source de la classification ou du système de rangement Statut de déterioration Exclu du prêt Numéro d item Koha Localisation permanente Localisation actuelle Date d'acquisition Source d'acquisition Nombre de prêts Cote Code-barres Date last seen Numéro d'exemplaire Prix en vigueur à partir du Type d item koha
        Not For Loan 48456 Bibliothèque Centrale Bibliothèque Centrale 30/12/2015 Don de l' auteur   372.880.20 5010000219840 30/12/2015 1 30/12/2015 Memoire
© 2019-2026 - Bibliothèques de l'Université du Burundi |Tous droits réservés
home | Pour toute information urgente Contactez nous | tel whatsupp: +25779204313